LEADER 01747nam 2200529 450 001 9910151815803321 005 20170508093213.0 035 $a(CKB)3710000000918028 035 $a(MiAaPQ)EBC4731336 035 $a(DLC) 2017000379 035 $a(EXLCZ)993710000000918028 100 $a20161111h20162016 uy 0 101 0 $aeng 135 $aurcnu|||||||| 181 $2rdacontent 182 $2rdamedia 183 $2rdacarrier 200 04$aThe acquisition of Turkish in childhood /$fedited by Belma Haznedar, F. Nihan Ketrez 210 1$aAmsterdam, [Netherlands] ;$aPhiladelphia, [Pennsylvania] :$cJohn Benjamins Publishing Company,$d2016. 210 4$d©2016 215 $a1 online resource (426 pages) 225 1 $aTrends in Language Acquisition Research ;$vVolume 20 311 $a90-272-4410-3 311 $a90-272-6620-4 320 $aIncludes bibliographical references at the end of each chapters and index. 410 0$aTrends in language acquisition research ;$vVolume 20. 606 $aLanguage acquisition 606 $aGrammar, Comparative and general$xPhonology 606 $aMorphology 606 $aGrammar, Comparative and general$xSyntax 606 $aPhonetics 608 $aElectronic books. 615 0$aLanguage acquisition. 615 0$aGrammar, Comparative and general$xPhonology. 615 0$aMorphology. 615 0$aGrammar, Comparative and general$xSyntax. 615 0$aPhonetics. 676 $a401.93 702 $aHaznedar$b Belma 702 $aKetrez$b F. Nihan 801 0$bMiAaPQ 801 1$bMiAaPQ 801 2$bMiAaPQ 906 $aBOOK 912 $a9910151815803321 996 $aThe acquisition of Turkish in childhood$92172992 997 $aUNINA LEADER 01186nam a2200301 i 4500 001 991001805669707536 008 031001s1985 enk 000 0 eng d 020 $a0856682632 035 $ab12199746-39ule_inst 040 $aDip.to Scienze dell'Antichità$bita 041 $aita$agrc$hgrc 082 0 $a882.01 100 0 $aAristophanes$0602827 245 10$aPeace /$cedited with translation and notes by Alan H. Sommerstein 260 $aWarminster, Wiltshire :$bAris & Phillips,$cc1985 300 $aXXV, 196 p. ;$c22 cm 490 1 $aThe Comedies of Aristophanes ;$v5 500 $aTesto greco a fronte 504 $aBibliografia: p. XXI 600 14$aAristofane.$tPax 700 1 $aSommerstein, Alan Herbert 907 $a.b12199746$b02-04-14$c01-10-03 912 $a991001805669707536 945 $aLE007 880.1 Aristophanes 1990-01$g1$i2015000069467$lle007$nLE015-0309$nLE015-vOX$o-$pE33.03$q-$rl$s- $t0$u1$v0$w1$x0$y.i12574466$z01-10-03 945 $aLE007 880.1 Aristophanes 1990-01$g2$i2007000029787$lle007$o-$pE0.00$q-$rl$s- $t0$u1$v0$w1$x0$y.i14928760$z11-02-09 996 $aPeace$93012791 997 $aUNISALENTO 998 $ale007$b01-10-03$cm$da $e-$feng$genk$h0$i1 LEADER 01586nam a2200361 i 4500 001 991002507349707536 005 20250224123632.0 008 010514s1967 it er ||1 | ita d 020 $a8806003399 035 $ab11019876-39ule_inst 035 $aPARLA163940$9ExL 040 $aBibl. Dip.le Aggr. Studi Umanistici - Sez. Filosofia$bita$dSocioculturale Scs 041 1 $aita$hfre 082 04$a601$223 100 1 $aKoyré, Alexandre$0439954 240 14$aLes philosophes et la machine ; Du monde de l'a-peu-pres a l'univers de la precision 245 10$aDal mondo del pressappoco all'universo della precisione :$b[tecniche, strumenti e filosofia dal mondo classico alla rivoluzione scientifica] /$cAlexandre Koyré ; introduzione e traduzione di Paola Zambelli 260 $aTorino :$bEinaudi,$c1967 300 $a134 p. ;$c18 cm. 490 1 $aNuovo politecnico ;$v12 500 $aComplemento del titolo in copertina 500 $aIn appendice: Perchè l'antichità classica non ha conosciuto il macchinismo? / di Pierre-Maxime Schuhl 650 4$aMacchinismo 650 4$aEpistemologia 650 4$aTecnologie$xFilosofia 700 1 $aZambelli, Paola 830 0$aNuovo politecnico ;$v12 907 $a.b11019876$b23-02-17$c28-06-02 912 $a991002507349707536 945 $aLE005IF XXXII A 10$g1$i2005000223860$lle005$o-$pE0.00$q-$rl$s-$t0$u4$v0$w4$x0$y.i11139018$z28-06-02 996 $aPhilosophes et la machine ; Du monde de l'a-peu-pres a l'univers de la precision$94315208 997 $aUNISALENTO 998 $ale005$b01-01-01$cm$da$e-$fita$git$h0$i1